000 00522nam a2200205Ia 4500
005 20250425162648.0
008 250425s9999 xx 000 0 und d
020 _a044886532
041 _aeng
082 _a628.168
100 _aBECKER, C.D.
245 0 _aAQUATIC BIOENVIRONMENTAL STUDIES: THE HANFORD EXPERIENCE 1944-84
250 _aS.E
260 _aEstados Unidos
_bELSEVIER SCIENCE
_c1990
260 _aNEW YORK
300 _a306
650 _aCONTAMINACION AMBIENTAL
942 _c01
010 _a95085
999 _c233880
_d233880